| Tag |
First Indicator |
Second Indicator |
Subfields |
| LEADER |
00000cam a2200000 a 4500 |
| 001 |
in00001234603 |
| 005 |
20151003063528.0 |
| 008 |
760603s1935 enka 001 0 eng |
| 010 |
|
|
|a 36006931
|
| 035 |
|
|
|a (OCoLC)02209919
|
| 035 |
|
|
|9 AGT0604AM
|
| 040 |
|
|
|a DLC
|c GUA
|d GUA
|d OCL
|d TXA
|d UtOrBLW
|
| 049 |
|
|
|a TXAS [mil]
|
| 050 |
0 |
0 |
|a D593
|b .M3 1935a
|
| 082 |
0 |
|
|a 940.451
|
| 100 |
1 |
|
|a Masters, David,
|d 1883-1965.
|
| 245 |
1 |
0 |
|a "I.D." :
|b new tales of the submarine war /
|c by David Masters.
|
| 264 |
|
1 |
|a London :
|b Eyre and Spottiswoode,
|c 1935.
|
| 300 |
|
|
|a xiii, 296 pages :
|b illustrations ;
|c 22 cm.
|
| 336 |
|
|
|a text
|b txt
|2 rdacontent
|
| 337 |
|
|
|a unmediated
|b n
|2 rdamedia
|
| 338 |
|
|
|a volume
|b nc
|2 rdacarrier
|
| 500 |
|
|
|a Includes index.
|
| 650 |
|
0 |
|a World War, 1914-1918
|x Naval operations
|x Submarine.
|
| 650 |
|
0 |
|a World War, 1914-1918
|x Naval operations.
|
| 610 |
1 |
0 |
|a Great Britain.
|b Royal Navy.
|
| 999 |
|
|
|a MARS
|
| 999 |
f |
f |
|s a22a1117-ac49-3d94-8c60-fa386b11c668
|i a98bd1de-78f6-3ca3-b57f-ca0f3458a2c3
|t 0
|
| 952 |
f |
f |
|p noncirc
|a Texas A&M University
|b College Station
|c Cushing Memorial Library & Archives
|d Cushing: Ragan Military (Does not check out)
|t 0
|e D593 .M3 1935a
|h Library of Congress classification
|i unmediated -- volume
|m A14852140012
|
| 998 |
f |
f |
|a D593 .M3 1935a
|t 0
|l Cushing: Ragan Military (Does not check out)
|